000 00319nam a22001217a 4500
008 180518b xxu||||| |||| 00| 0 eng d
041 _aeng
080 _a043.3
100 _a0
101 _aMBE-BA
245 _aKarakteristikat e Ndermarresit dhe Ndikimi i tij ne Performancen e Kompanise
_cMusliu, S
942 _2udc
_cBK
999 _c45949
_d45949